La Guerra Civil española 80 años después : debate entre historiadores /
Збережено в:
| Співавтор: | |
|---|---|
| Інші автори: | |
| Формат: | Електронний ресурс Матеріали конференцій eКнига |
| Мова: | Іспанська |
| Опубліковано: |
Madrid :
Universidad Francisco de Vitoria, UFV Madrid, Editorial,
[2019]
|
| Редагування: | Primera edición. |
| Предмети: | |
| Онлайн доступ: | Digitalia Hispánica |
| Теги: |
Додати тег
Немає тегів, Будьте першим, хто поставить тег для цього запису!
|
MARC
| LEADER | 00000nam a2200000Ii 4500 | ||
|---|---|---|---|
| 001 | DIGEDUFV0042 | ||
| 003 | NyNyDIG | ||
| 006 | m o d | ||
| 007 | cr ||||||||||| | ||
| 008 | 220614s2019 sp a ob 100 0 spa d | ||
| 035 | |a (OCoLC)1335134275 | ||
| 040 | |a DGITA |b eng |e rda |e pn |c DGITA | ||
| 020 | |a 9788417641719 |q edición digital | ||
| 020 | |z 9788417641702 |q edición papel | ||
| 043 | |a e-sp--- | ||
| 050 | 1 | 4 | |a DP269 ebook |
| 111 | 2 | |a Congreso Internacional Guerra Civil Española 80 Años Después |d (2019 : |c Madrid, Spain), |j author. | |
| 245 | 1 | 0 | |a La Guerra Civil española 80 años después : |b debate entre historiadores / |c Congreso Internacional 27, 28 y 29 de noviembre de 2019, Universidad Francisco de Vitoria (Madrid) ; Javier Cervera Gil (coord.) |
| 250 | |a Primera edición. | ||
| 264 | 1 | |a Madrid : |b Universidad Francisco de Vitoria, UFV Madrid, Editorial, |c [2019] | |
| 300 | |a 1 online resource : |b illustrations. | ||
| 336 | |a text |b txt |2 rdacontent | ||
| 337 | |a computer |b c |2 rdamedia | ||
| 338 | |a online resource |b cr |2 rdacarrier | ||
| 347 | |a text file |2 rdaft | ||
| 347 | |b PDF | ||
| 504 | |a Includes bibliographical references. | ||
| 588 | 0 | |a Online resource; title from PDF title page (Digitalia, viewed June 14, 2022) | |
| 651 | 0 | |a Spain |x History |y Civil War, 1936-1939 |v Congresses. | |
| 655 | 0 | |a Electronic books. | |
| 700 | 1 | |a Cervera, Javier, |e editor. | |
| 791 | 2 | |a Digitalia (Firm), |e distributor. | |
| 793 | 0 | |g Digitalia eBook Collection: |a Editorial Universidad Francisco de Vitoria | |
| 776 | 0 | 8 | |i Print version: |a Congreso Internacional Guerra Civil Española 80 Años Después (2019 : Madrid, Spain). |t Guerra Civil española 80 años después. |b Primera edición. |d Madrid : Universidad Francisco de Vitoria, UFV Madrid, Editorial, [2019] |z 9788417641702 |
| 856 | 4 | 0 | |3 Digitalia Hispánica |u https://digitalia.unach.elogim.com/a/104116/ |
| 910 | |a Premium collection: 2022 | ||